[Event "HEM 2006 B"]
[Site "Marburg"]
[Date "2006.04.13"]
[Round "1.32"]
[White "Bachmann, Björn"]
[Black "von Chamier, Ralf"]
[Result "0-1"]
[WhiteElo "1229"]
[BlackElo "1798"]
[PlyCount "78"]
[EventDate "2006.04.12"]
[EventType "swiss"]
[EventCountry "GER"]

1. e4 Nf6 2. e5 Nd5 3. d4 d6 4. Nf3 Bg4 5. Nbd2 dxe5 6. dxe5 e6 7. c3 Nd7 8.
Qb3 Rb8 9. Bc4 Nc5 10. Qc2 Bf5 11. Qd1 Bd3 12. Nb3 Bxc4 13. Nxc5 Bxc5 14. Qa4+
b5 15. Qc2 Ne7 16. Bg5 c6 17. Nd2 Bd3 18. Qb3 Qb6 19. O-O-O Bxf2 20. Bxe7 Kxe7
21. Qb4+ Qc5 22. Qf4 Qe3 23. Qxe3 Bxe3 24. Rhe1 Bf2 25. Rh1 Be2 26. Ne4 Be3+
27. Kc2 Bxd1+ 28. Rxd1 Rhd8 29. Rf1 Rd5 30. Nd6 Rxe5 31. Nxf7 Rf5 32. Rxf5 exf5
33. Ne5 Rc8 34. Kd3 Bf4 35. Nf3 Rd8+ 36. Kc2 c5 37. a3 g5 38. g3 g4 39. Ne1 Bg5
0-1

[Event "HEM 2006 B"]
[Site "Marburg"]
[Date "2006.04.13"]
[Round "1.33"]
[White "Reitmeier, Markus"]
[Black "Krüger, Jens"]
[Result "1-0"]
[WhiteElo "1786"]
[BlackElo "1214"]
[PlyCount "77"]
[EventDate "2006.04.12"]
[EventType "swiss"]
[EventCountry "GER"]

1. d4 Nf6 2. Nf3 d6 3. g3 g6 4. Bg2 Bg7 5. O-O O-O 6. c4 Nbd7 7. Nc3 c5 8. d5
a6 9. a4 Ng4 10. Qc2 Nde5 11. Nxe5 Nxe5 12. b3 Rb8 13. Bb2 Bd7 14. a5 b5 15. f4
bxc4 16. fxe5 cxb3 17. Qd2 Bxe5 18. Na4 Bxa4 19. Rxa4 Bxb2 20. Qxb2 f5 21. Rf3
Rb5 22. Rxb3 Rxa5 23. Qa2 c4 24. Rc3 Rxa4 25. Qxa4 Qb6+ 26. Kf1 Qb1+ 27. Kf2
Qb6+ 28. Kf3 Rc8 29. Rxc4 Rxc4 30. Qxc4 a5 31. e3 Kf7 32. Bf1 Kf6 33. Qh4+ g5
34. Qh6+ Kf7 35. Qxh7+ Ke8 36. Qxf5 a4 37. Bh3 Qc7 38. Qg6+ Kf8 39. Be6 1-0

[Event "HEM 2006 B"]
[Site "Marburg"]
[Date "2006.04.13"]
[Round "1.34"]
[White "Siegismund, Verena"]
[Black "Enders, Georg"]
[Result "0-1"]
[WhiteElo "1169"]
[BlackElo "1781"]
[PlyCount "24"]
[EventDate "2006.04.12"]
[EventType "swiss"]
[EventCountry "GER"]

1. e4 e5 2. Nf3 Nc6 3. d4 exd4 4. Nxd4 Bc5 5. Nf3 d6 6. b3 Nf6 7. Nbd2 Ng4 8.
Qe2 Bxf2+ 9. Kd1 Bc5 10. Ke1 O-O 11. h3 Bf2+ 12. Kd1 Ne3+ 0-1

[Event "HEM 2006 B"]
[Site "Marburg"]
[Date "2006.04.13"]
[Round "2.1"]
[White "Förster, Rudi"]
[Black "Stockmann, Michael"]
[Result "0-1"]
[WhiteElo "1967"]
[BlackElo "2269"]
[PlyCount "50"]
[EventDate "2006.04.12"]
[EventType "swiss"]
[EventCountry "GER"]

1. e4 c6 2. d4 d5 3. f3 dxe4 4. fxe4 e5 5. Nf3 Be6 6. Nc3 Bb4 7. Bg5 f6 8. Bh4
Qa5 9. Qd3 Nd7 10. a3 O-O-O 11. O-O-O Nc5 12. Qe3 Bxc3 13. dxc5 Bxb2+ 14. Kxb2
Rxd1 15. Be1 Qa4 16. Nd2 Rxe1 17. Qxe1 Qd4+ 18. c3 Qxc5 19. Be2 Ne7 20. Qg3 Rd8
21. Nb3 Qb6 22. Bd1 Ng6 23. h4 Nf4 24. Bc2 Bxb3 25. Bxb3 Rd2+ 0-1

[Event "HEM 2006 B"]
[Site "Marburg"]
[Date "2006.04.13"]
[Round "2.2"]
[White "Lüchtemeier, Peter"]
[Black "Breitwieser, Peter"]
[Result "1-0"]
[WhiteElo "2268"]
[BlackElo "1898"]
[PlyCount "65"]
[EventDate "2006.04.12"]
[EventType "swiss"]
[EventCountry "GER"]

1. d4 Nf6 2. c4 e5 3. dxe5 Ng4 4. Bf4 Bb4+ 5. Nd2 Qe7 6. Ngf3 Nc6 7. a3 Ngxe5
8. Nxe5 Nxe5 9. e3 Bxd2+ 10. Qxd2 O-O 11. c5 Re8 12. Rc1 b6 13. cxb6 cxb6 14.
Rc7 Qf6 15. Be2 a5 16. O-O Rb8 17. Rd1 Rb7 18. Rcc1 h6 19. Qd6 Qxd6 20. Rxd6
Rb8 21. h3 b5 22. b3 b4 23. Rc5 f6 24. Rxa5 bxa3 25. Rxa3 Rb4 26. Bxe5 fxe5 27.
Ra4 Rb8 28. b4 Kf8 29. b5 Ke7 30. Rd1 d6 31. Ra7+ Rb7 32. b6 Rd8 33. Bf3 1-0

[Event "HEM 2006 B"]
[Site "Marburg"]
[Date "2006.04.13"]
[Round "2.3"]
[White "Szwarc, Klaus Peter"]
[Black "Funk, Volker"]
[Result "1/2-1/2"]
[WhiteElo "1907"]
[BlackElo "2219"]
[PlyCount "49"]
[EventDate "2006.04.12"]
[EventType "swiss"]
[EventCountry "GER"]

1. c4 d6 2. g3 g6 3. Bg2 Bg7 4. e3 Nf6 5. Ne2 O-O 6. Nbc3 c6 7. d4 e5 8. d5 Ne8
9. O-O c5 10. f4 Nd7 11. a4 f5 12. Ra2 Nef6 13. b3 Qe7 14. Nb5 Ne8 15. Nbc3 a6
16. Kh1 Nef6 17. Qd3 Re8 18. Ng1 Nf8 19. Re2 Bd7 20. fxe5 Qxe5 21. Nd1 Ne4 22.
Bb2 Qe7 23. Bxg7 Qxg7 24. Nh3 Re7 25. Nhf2 1/2-1/2

[Event "HEM 2006 B"]
[Site "Marburg"]
[Date "2006.04.13"]
[Round "2.4"]
[White "Garbe, Ralf"]
[Black "Ferozkohi, Ihsan"]
[Result "1-0"]
[WhiteElo "2169"]
[BlackElo "1847"]
[PlyCount "135"]
[EventDate "2006.04.12"]
[EventType "swiss"]
[EventCountry "GER"]

1. Nf3 Nf6 2. d4 e6 3. Bg5 Be7 4. Nbd2 d5 5. e3 c5 6. c3 Nc6 7. Bd3 Qc7 8. O-O
Ng4 9. Bxe7 Nxe7 10. h3 Nh6 11. c4 O-O 12. Qc2 g6 13. cxd5 Nxd5 14. Qxc5 Qd8
15. Rac1 a5 16. Bb5 f5 17. Bc4 b6 18. Qc6 Bd7 19. Qd6 Nf7 20. Qg3 Rc8 21. Bxd5
exd5 22. Ne5 Nxe5 23. Qxe5 Qf6 24. Qxf6 Rxf6 25. Rxc8+ Bxc8 26. Rc1 Ba6 27. Nf3
a4 28. Ne5 f4 29. Ng4 Rf8 30. Rc6 Bc4 31. b3 axb3 32. axb3 Bxb3 33. Rxb6 Bc4
34. Rf6 fxe3 35. Rxf8+ Kxf8 36. fxe3 Ke7 37. Kf2 Ke6 38. Kf3 Bd3 39. Nf2 Bc2
40. h4 h5 41. Kf4 Bb1 42. Kg5 Kf7 43. Kf4 Ke6 44. e4 dxe4 45. Nxe4 Bc2 46. Nc3
Bd3 47. g3 Bc2 48. Ne2 Kd5 49. Kg5 Bf5 50. Nf4+ Kxd4 51. Nxg6 Bg4 52. Nf4 Bd1
53. Nxh5 Ke5 54. Nf6 Bc2 55. g4 Ke6 56. h5 Kf7 57. Nd5 Kg7 58. Ne3 Bh7 59. Nf5+
Kh8 60. Kf6 Bg8 61. g5 Bb3 62. g6 Kg8 63. h6 Kh8 64. Nd6 Kg8 65. h7+ Kh8 66.
Nf7+ Bxf7 67. gxf7 Kxh7 68. f8=R 1-0

[Event "HEM 2006 B"]
[Site "Marburg"]
[Date "2006.04.13"]
[Round "2.5"]
[White "Hierling, Stefan"]
[Black "Hahn, Werner"]
[Result "1-0"]
[WhiteElo "1896"]
[BlackElo "2147"]
[PlyCount "68"]
[EventDate "2006.04.12"]
[EventType "swiss"]
[EventCountry "GER"]

1. e4 c5 2. Nf3 d6 3. d4 cxd4 4. Nxd4 Nf6 5. Nc3 a6 6. Be2 e5 7. Nf3 Be7 8. h3
O-O 9. Be3 b5 10. a3 Bb7 11. Nd2 d5 12. exd5 Nxd5 13. Nxd5 Bxd5 14. Bf3 Bxf3
15. Qxf3 Nd7 16. O-O Qc7 17. Rac1 Nc5 18. b4 Ne6 19. c4 Qb8 20. c5 a5 21. Qe4
axb4 22. axb4 Ra4 23. Nb1 Rd8 24. Nc3 Ra3 25. Nd5 Bf8 26. Rfd1 g6 27. Nf6+ Kg7
28. Rxd8 Qxd8 29. Qxe5 Rxe3 30. Ne4+ f6 31. Qxe6 Rd3 32. c6 f5 33. c7 Rd1+ 34.
Rxd1 Qxd1+ 1-0

[Event "HEM 2006 B"]
[Site "Marburg"]
[Date "2006.04.13"]
[Round "2.6"]
[White "Krüger, Till"]
[Black "Stein, Marco"]
[Result "1/2-1/2"]
[WhiteElo "1851"]
[BlackElo "2108"]
[PlyCount "65"]
[EventDate "2006.04.12"]
[EventType "swiss"]
[EventCountry "GER"]

1. e4 c5 2. Nf3 d6 3. Bb5+ Bd7 4. Bxd7+ Nxd7 5. O-O Ngf6 6. Re1 g6 7. b3 Bg7 8.
Bb2 O-O 9. h3 b5 10. a4 a6 11. d3 e6 12. Qe2 Qb6 13. Nc3 Rac8 14. axb5 axb5 15.
Kh1 d5 16. exd5 exd5 17. Ne5 Nxe5 18. Qxe5 Qc6 19. Qe2 d4 20. Ne4 Nd5 21. Qf3
f5 22. Ng5 Rfe8 23. Rxe8+ Rxe8 24. Ra6 Re1+ 25. Kh2 Qc7+ 26. g3 Re5 27. Ra8+
Bf8 28. Rxf8+ Kxf8 29. Qxd5 Qe7 30. Nxh7+ Kg7 31. Qf3 Kxh7 32. Bc1 Kg7 33. h4
1/2-1/2

[Event "HEM 2006 B"]
[Site "Marburg"]
[Date "2006.04.13"]
[Round "2.7"]
[White "Henninger, Sascha"]
[Black "Henzner, Reiner"]
[Result "1/2-1/2"]
[WhiteElo "1805"]
[BlackElo "2098"]
[PlyCount "73"]
[EventDate "2006.04.12"]
[EventType "swiss"]
[EventCountry "GER"]

1. c4 Nf6 2. Nc3 e5 3. Nf3 Nc6 4. g3 Bb4 5. Bg2 O-O 6. O-O Re8 7. d3 h6 8. Bd2
a5 9. Nh4 Bf8 10. Ne4 Nd4 11. e3 Ne6 12. Bc3 Nxe4 13. dxe4 Nc5 14. a3 a4 15.
Qe2 g6 16. f4 Bg7 17. f5 g5 18. f6 gxh4 19. fxg7 Ra6 20. Qh5 Rg6 21. Bxe5 d6
22. Rxf7 Qg5 23. Rf8+ Rxf8 24. gxf8=Q+ Kxf8 25. Qf3+ Kg8 26. Bc3 Qg4 27. Qxg4
Bxg4 28. e5 hxg3 29. hxg3 Be6 30. exd6 cxd6 31. Kh2 Bxc4 32. Rd1 b5 33. Bb4 Nd3
34. Bd5+ Bxd5 35. Rxd3 Bc4 36. Rxd6 Rxd6 37. Bxd6 1/2-1/2

[Event "HEM 2006 B"]
[Site "Marburg"]
[Date "2006.04.13"]
[Round "2.8"]
[White "Eibelshäuser, Stefan"]
[Black "Reitmeier, Markus"]
[Result "1/2-1/2"]
[WhiteElo "2062"]
[BlackElo "1786"]
[PlyCount "73"]
[EventDate "2006.04.12"]
[EventType "swiss"]
[EventCountry "GER"]

1. d4 d5 2. c4 c6 3. Nc3 Nf6 4. Nf3 h6 5. Bf4 Bf5 6. e3 dxc4 7. Bxc4 e6 8. Qb3
Qb6 9. O-O Nbd7 10. Rfe1 Ne4 11. Nxe4 Qxb3 12. Bxb3 Bxe4 13. Nd2 Bg6 14. Rad1
Bb4 15. e4 Bxd2 16. Rxd2 O-O 17. d5 cxd5 18. exd5 exd5 19. Bxd5 Nc5 20. Re7
Rfe8 21. Rde2 Rxe7 22. Rxe7 Rd8 23. Bf3 Be4 24. Bc7 Rd3 25. Re8+ Kh7 26. Rxe4
Rd7 27. Rc4 Rxc7 28. b4 Re7 29. h3 Ne6 30. a4 b6 31. a5 Rc7 32. Rxc7 Nxc7 33.
Kf1 Kg6 34. Ke2 Kf6 35. Kd3 Ke5 36. g3 f5 37. Bb7 1/2-1/2

[Event "HEM 2006 B"]
[Site "Marburg"]
[Date "2006.04.13"]
[Round "2.9"]
[White "von Chamier, Ralf"]
[Black "Hillgaertner, Walter"]
[Result "0-1"]
[WhiteElo "1798"]
[BlackElo "2055"]
[PlyCount "87"]
[EventDate "2006.04.12"]
[EventType "swiss"]
[EventCountry "GER"]

1. Nf3 g6 2. g3 Bg7 3. Bg2 c5 4. c4 Nc6 5. Nc3 d6 6. O-O Nf6 7. d4 cxd4 8. Nxd4
Bd7 9. Ncb5 a6 10. Nxc6 Bxc6 11. Nd4 Bxg2 12. Kxg2 O-O 13. Qb3 Nd7 14. Be3 Nc5
15. Qc2 Qc8 16. Rac1 Ne6 17. Nf3 Qc6 18. Qd2 Rac8 19. Bh6 Qe4 20. Bxg7 Kxg7 21.
b3 Rc5 22. Kg1 Rfc8 23. Rfd1 Qg4 24. Qb2+ f6 25. Rd5 Qe4 26. Rcd1 Rxd5 27. Rxd5
b5 28. Nd4 bxc4 29. bxc4 Rxc4 30. Nxe6+ Qxe6 31. Rd3 Re4 32. e3 a5 33. Ra3 Rb4
34. Qd2 Rb1+ 35. Kg2 Qe4+ 36. Kh3 Rg1 37. Rxa5 Qe6+ 38. Kh4 g5+ 39. Rxg5+ fxg5+
40. Kxg5 Qf6+ 41. Kg4 Rg2 42. Qd5 Rxf2 43. a4 Qg6+ 44. Kh3 0-1

[Event "HEM 2006 B"]
[Site "Marburg"]
[Date "2006.04.13"]
[Round "2.10"]
[White "Kartmann, Juergen"]
[Black "Feigl, Markus"]
[Result "1-0"]
[WhiteElo "2054"]
[BlackElo "1761"]
[PlyCount "117"]
[EventDate "2006.04.12"]
[EventType "swiss"]
[EventCountry "GER"]

1. e4 e6 2. d4 d5 3. Nd2 a6 4. e5 c5 5. c3 Nc6 6. Ngf3 Bd7 7. Bd3 c4 8. Bc2 b5
9. O-O g6 10. b3 Nge7 11. Re1 Bg7 12. Nf1 h6 13. Ng3 Qc7 14. Bd2 Rc8 15. bxc4
bxc4 16. Qc1 Qa5 17. h3 Kd8 18. a4 Nf5 19. Ne2 Kc7 20. Nf4 Bf8 21. Nh2 Be7 22.
Ne2 g5 23. Ng3 Ng7 24. Ng4 Rb8 25. Nf6 Ne8 26. Nfh5 Bf8 27. Rf1 Rg8 28. Bd1 Qb6
29. Bc2 Qa5 30. Bh7 Rh8 31. Bb1 Kc8 32. f4 Qb6 33. Bc2 gxf4 34. Bxf4 Ng7 35.
Nf6 Ne8 36. Nh7 Be7 37. Kh2 Qa5 38. Rf3 Qd8 39. Bxh6 f5 40. exf6 Nxf6 41. Nxf6
Bxf6 42. Qf4 Be7 43. Qe3 Rb2 44. Rf2 Qg8 45. Bf4 Bh4 46. Bh7 Bxg3+ 47. Bxg3
Rxh7 48. Rxb2 Qg4 49. Rab1 e5 50. Bxe5 Kd8 51. Rb8+ Bc8 52. Bf6+ Kc7 53. Be5+
Kd8 54. R1b7 Qf5 55. Rxh7 Qxh7 56. Qg5+ Ne7 57. Bf6 Kc7 58. Qe5+ Kd7 59. Bxe7
1-0

[Event "HEM 2006 B"]
[Site "Marburg"]
[Date "2006.04.13"]
[Round "2.11"]
[White "Enders, Georg"]
[Black "Marth, Jürgen"]
[Result "1/2-1/2"]
[WhiteElo "1781"]
[BlackElo "2044"]
[PlyCount "62"]
[EventDate "2006.04.12"]
[EventType "swiss"]
[EventCountry "GER"]

1. e4 Nf6 2. e5 Nd5 3. d4 d6 4. exd6 Qxd6 5. c4 Nf6 6. Be2 Nc6 7. Nf3 e5 8.
dxe5 Nxe5 9. O-O Qxd1 10. Rxd1 Bd6 11. Nc3 O-O 12. Bg5 Nxf3+ 13. Bxf3 Ng4 14.
h3 Ne5 15. Be2 Be6 16. b3 h6 17. Be3 f5 18. Nb5 f4 19. Bxa7 f3 20. Bf1 fxg2 21.
Bxg2 Rxa7 22. Nxa7 Nf3+ 23. Kf1 Be5 24. Rac1 c6 25. Bxf3 Rxf3 26. Rd8+ Kh7 27.
Kg2 Rf6 28. Re1 Bc7 29. Rxe6 Rxe6 30. Rd7 Rg6+ 31. Kf1 Be5 1/2-1/2

[Event "HEM 2006 B"]
[Site "Marburg"]
[Date "2006.04.13"]
[Round "2.12"]
[White "Ritscher, Georg"]
[Black "Pichl, Uwe"]
[Result "1/2-1/2"]
[WhiteElo "2034"]
[BlackElo "1677"]
[PlyCount "61"]
[EventDate "2006.04.12"]
[EventType "swiss"]
[EventCountry "GER"]

1. e4 e5 2. Nf3 Nf6 3. Nc3 Nc6 4. Bb5 Bb4 5. Nd5 Nxd5 6. exd5 Nd4 7. Ba4 Nxf3+
8. Qxf3 O-O 9. O-O d6 10. c3 Bc5 11. Bc2 f5 12. d3 Qe8 13. Be3 Bb6 14. Rfe1 Qg6
15. Bxb6 axb6 16. a3 f4 17. Rac1 Bg4 18. Qe4 Bf5 19. Qf3 Bg4 20. Qe4 Qg5 21. d4
Bf5 22. Qf3 Rae8 23. Bxf5 Qxf5 24. dxe5 dxe5 25. Qe4 Qg5 26. f3 Rf6 27. Qc4 Rf7
28. Re4 Qe7 29. Rce1 Qd6 30. Qb5 Rfe7 31. c4 1/2-1/2

[Event "HEM 2006 B"]
[Site "Marburg"]
[Date "2006.04.13"]
[Round "2.13"]
[White "Ullmann, Stefan"]
[Black "Goloborodko, Dmitro"]
[Result "0-1"]
[WhiteElo "1663"]
[BlackElo "2031"]
[PlyCount "40"]
[EventDate "2006.04.12"]
[EventType "swiss"]
[EventCountry "GER"]

1. c4 e5 2. g3 Nf6 3. Bg2 c6 4. Nf3 e4 5. Ng5 d5 6. Nc3 h6 7. Nh3 d4 8. Na4 b5
9. cxb5 Bxh3 10. Bxh3 cxb5 11. Qc2 Nbd7 12. Bxd7+ Qxd7 13. Nc5 Qc6 14. b4 Rc8
15. Ba3 a5 16. Rc1 axb4 17. Bxb4 Nd7 18. Nxd7 Qxc2 19. Rxc2 Rxc2 20. Kd1 Rxa2
0-1

[Event "HEM 2006 B"]
[Site "Marburg"]
[Date "2006.04.13"]
[Round "2.14"]
[White "Libuda, Thomas"]
[Black "Martens, Nick"]
[Result "1/2-1/2"]
[WhiteElo "2026"]
[BlackElo "1393"]
[PlyCount "93"]
[EventDate "2006.04.12"]
[EventType "swiss"]
[EventCountry "GER"]

1. d4 d5 2. Nf3 Nc6 3. c3 Bg4 4. Nbd2 g6 5. h3 Bd7 6. Qb3 Bc8 7. e4 dxe4 8.
Nxe4 a6 9. Bc4 e6 10. Bg5 Be7 11. d5 Na5 12. Qa4+ c6 13. Bxe7 Nxe7 14. Nf6+ Kf8
15. dxe6 b5 16. Qd1 Qxd1+ 17. Rxd1 Nxc4 18. Rd8+ Kg7 19. Ne8+ Rxe8 20. Rxe8 Kf6
21. Ng5 fxe6 22. f4 h6 23. Rf8+ Kg7 24. Rf7+ Kg8 25. Rxe7 hxg5 26. fxg5 Ne3 27.
Ke2 Nf5 28. Re8+ Kf7 29. Rxc8 Rxc8 30. Rf1 Kg7 31. Rd1 Rc7 32. g4 Ne7 33. Ke3
Nd5+ 34. Ke4 Rf7 35. Ke5 Ne3 36. Rd3 Nc4+ 37. Kxe6 Nxb2 38. Rd6 Rc7 39. h4 Na4
40. h5 gxh5 41. gxh5 Nxc3 42. Rd8 Ne4 43. h6+ Kh7 44. Kf5 Ng3+ 45. Kf6 Ne4+ 46.
Kf5 Nxg5 47. Kxg5 1/2-1/2

[Event "HEM 2006 B"]
[Site "Marburg"]
[Date "2006.04.13"]
[Round "2.15"]
[White "Grass, Ernest"]
[Black "Diez, Gerhard"]
[Result "1-0"]
[WhiteElo "1637"]
[BlackElo "2014"]
[PlyCount "127"]
[EventDate "2006.04.12"]
[EventType "swiss"]
[EventCountry "GER"]

1. e4 c5 2. Nf3 a6 3. Be2 d5 4. exd5 Qxd5 5. Nc3 Qd8 6. O-O Nf6 7. d4 cxd4 8.
Nxd4 e5 9. Nb3 Qxd1 10. Rxd1 Bf5 11. Nd5 Nxd5 12. Rxd5 Nc6 13. c3 Be6 14. Rd1
f5 15. Be3 b5 16. Nc5 Bc8 17. f3 Be7 18. a4 b4 19. Bc4 Na5 20. Bd5 Rb8 21. cxb4
Rxb4 22. Nd3 Nb3 23. Ra3 Nd4 24. Nxb4 Bxb4 25. Rad3 Ke7 26. Kf1 a5 27. Bc4 Ne6
28. Bd2 Bc5 29. Bxa5 Bd4 30. Bb4+ Kf6 31. b3 g5 32. Ba3 Bb7 33. b4 g4 34. fxg4
Nf4 35. R3d2 Rc8 36. Bd3 Nd5 37. Bxf5 Rc3 38. Bb2 Ne3+ 39. Ke2 Nxd1 40. Kxd1
Rc4 41. Bxd4 exd4 42. Bxh7 Rxb4 43. h4 Rxa4 44. g5+ Kg7 45. Bf5 Ra1+ 46. Ke2
Ra5 47. g4 Ba6+ 48. Kf3 Ra3+ 49. Kf4 Rh3 50. h5 d3 51. g6 Bc4 52. Ke5 Re3+ 53.
Kd4 Re2 54. Rd1 Ba6 55. Bxd3 Bxd3 56. Rxd3 Rg2 57. Ke5 Rxg4 58. Kf5 Rg1 59.
Rd7+ Kh8 60. Rh7+ Kg8 61. Ra7 Rg2 62. h6 Rf2+ 63. Ke4 Rg2 64. Ra8# 1-0

[Event "HEM 2006 B"]
[Site "Marburg"]
[Date "2006.04.13"]
[Round "2.16"]
[White "Mittendorf, Frank"]
[Black "Riedl, Janis"]
[Result "1-0"]
[WhiteElo "2196"]
[BlackElo "1250"]
[PlyCount "49"]
[EventDate "2006.04.12"]
[EventType "swiss"]
[EventCountry "GER"]

1. e4 c6 2. d4 d5 3. Nc3 g6 4. Be3 h5 5. Qd2 e6 6. Nf3 Bb4 7. Bd3 Nd7 8. Ng5
Nb6 9. O-O dxe4 10. Ngxe4 Nd5 11. Bg5 Qa5 12. Rfe1 f5 13. a3 Bxc3 14. Nxc3 Nge7
15. b4 Qc7 16. Na4 b6 17. c4 b5 18. cxd5 bxa4 19. Bxe7 Kxe7 20. Qg5+ Kf7 21.
dxe6+ Bxe6 22. Rxe6 Kxe6 23. Qxg6+ Ke7 24. Re1+ Kf8 25. Qf6+ 1-0

[Event "HEM 2006 B"]
[Site "Marburg"]
[Date "2006.04.13"]
[Round "2.17"]
[White "Buerkle, Alois"]
[Black "Baumhackel, Mario"]
[Result "0-1"]
[WhiteElo "1317"]
[BlackElo "2176"]
[PlyCount "82"]
[EventDate "2006.04.12"]
[EventType "swiss"]
[EventCountry "GER"]

1. Nf3 d5 2. d4 Nf6 3. Nc3 c6 4. Bf4 Bf5 5. e3 Qb6 6. Rb1 e6 7. Bd3 Bg6 8. O-O
Nbd7 9. Re1 Bb4 10. a3 Be7 11. b4 O-O 12. Na4 Qd8 13. Nc5 Qc8 14. Bxg6 hxg6 15.
h3 b6 16. Nxd7 Qxd7 17. Ne5 Qb7 18. c4 dxc4 19. Nxc4 Nd5 20. Rb3 Nxf4 21. exf4
Rfd8 22. Rd3 Rd5 23. g4 Rad8 24. Ne3 R5d6 25. Nc4 Rd5 26. Re5 Qd7 27. Rxd5 Qxd5
28. Ne3 Qe4 29. Ng2 Bf6 30. f3 Bxd4+ 31. Kh2 Qxd3 32. Qxd3 Bg1+ 33. Kxg1 Rxd3
34. Kf2 Rxa3 35. Ne1 Rb3 36. Kg3 Rxb4 37. Nd3 Rb3 38. Ne5 Rc3 39. h4 b5 40. h5
gxh5 41. gxh5 b4 0-1

[Event "HEM 2006 B"]
[Site "Marburg"]
[Date "2006.04.13"]
[Round "2.18"]
[White "Montermann, Klaus"]
[Black "Ottinger, Rüdiger"]
[Result "1-0"]
[WhiteElo "2140"]
[BlackElo "1733"]
[PlyCount "47"]
[EventDate "2006.04.12"]
[EventType "swiss"]
[EventCountry "GER"]

1. d4 d5 2. Nf3 Nf6 3. Bg5 e6 4. e3 Be7 5. Bd3 h6 6. Bh4 O-O 7. Nbd2 Nbd7 8.
Qe2 c5 9. c3 Re8 10. O-O Qc7 11. Rad1 Nf8 12. Ne5 N6d7 13. Bxe7 Rxe7 14. f4 f5
15. g4 Nf6 16. dxc5 Ne4 17. Bxe4 dxe4 18. b4 a5 19. Ndc4 axb4 20. cxb4 Bd7 21.
Nb6 Ra3 22. Rd4 Be8 23. gxf5 exf5 24. Nd5 1-0

[Event "HEM 2006 B"]
[Site "Marburg"]
[Date "2006.04.13"]
[Round "2.19"]
[White "Kuhn, Gerhard"]
[Black "Keim, Alexander"]
[Result "0-1"]
[WhiteElo "2085"]
[BlackElo "1682"]
[PlyCount "70"]
[EventDate "2006.04.12"]
[EventType "swiss"]
[EventCountry "GER"]

1. e4 e6 2. d4 d5 3. Nd2 Nf6 4. e5 Nfd7 5. f4 c5 6. Ndf3 Nc6 7. c3 cxd4 8. Nxd4
Be7 9. Ngf3 O-O 10. Bd3 Nxd4 11. cxd4 f6 12. O-O f5 13. Bd2 a6 14. Rc1 Nb8 15.
Qb3 b5 16. Rc2 Bd7 17. Rfc1 a5 18. Bxb5 a4 19. Qd3 Qb6 20. Bxd7 Nxd7 21. Rc7
Ra7 22. Rxa7 Qxa7 23. Rc6 Kf7 24. Qc2 Rb8 25. Rc7 Rb7 26. Rxb7 Qxb7 27. Qxa4
Nb6 28. Qb3 Qa6 29. a3 h6 30. h3 Bd8 31. Qc3 Qe2 32. b3 Qd1+ 33. Kh2 h5 34. Qc6
Qxb3 35. Qd7+ Nxd7 0-1

[Event "HEM 2006 B"]
[Site "Marburg"]
[Date "2006.04.13"]
[Round "2.20"]
[White "Werner, Alexander"]
[Black "Brahn, Helmut"]
[Result "1-0"]
[WhiteElo "1731"]
[BlackElo "1886"]
[PlyCount "49"]
[EventDate "2006.04.12"]
[EventType "swiss"]
[EventCountry "GER"]

1. e4 c5 2. c3 d6 3. d4 cxd4 4. cxd4 Nf6 5. Nc3 a6 6. Nf3 e6 7. Bd3 h6 8. O-O
Be7 9. Qe2 Nc6 10. h3 Bd7 11. Be3 O-O 12. Rad1 Re8 13. a3 Qc7 14. Bb1 Rac8 15.
Nh2 Na5 16. f4 Nc4 17. Bc1 Nxa3 18. Bd3 Nc4 19. e5 dxe5 20. fxe5 Nh7 21. Bxh7+
Kxh7 22. Rxf7 Bg5 23. Bxg5 hxg5 24. Qh5+ Kg8 25. Qg6 1-0

[Event "HEM 2006 B"]
[Site "Marburg"]
[Date "2006.04.13"]
[Round "2.21"]
[White "Klettke, Wolfgang"]
[Black "Struth, Jürgen"]
[Result "1-0"]
[WhiteElo "2104"]
[BlackElo "1642"]
[PlyCount "91"]
[EventDate "2006.04.12"]
[EventType "swiss"]
[EventCountry "GER"]

1. e4 e5 2. Nf3 Nc6 3. Bb5 Bc5 4. c3 f5 5. O-O fxe4 6. Bxc6 dxc6 7. Nxe5 Nf6 8.
d4 exd3 9. Nxd3 Be7 10. Bg5 O-O 11. Na3 Be6 12. Qe2 Bf7 13. Rad1 Bh5 14. f3 Nd5
15. Bxe7 Qxe7 16. Rfe1 Qxe2 17. Rxe2 Rad8 18. Nc5 Nf4 19. Red2 Rxd2 20. Rxd2 b5
21. Nc2 Bg6 22. Nd4 Rf6 23. g3 Nd5 24. Nxc6 Rxc6 25. Rxd5 Rd6 26. Rxd6 cxd6 27.
Nb7 d5 28. Kf2 Kf8 29. Ke3 Ke7 30. Kd4 Ke6 31. Nc5+ Kd6 32. Nd3 a5 33. a3 Bh5
34. g4 Bg6 35. Nf4 Bf7 36. h4 h6 37. b4 a4 38. g5 hxg5 39. hxg5 g6 40. Ng2 Be6
41. Nh4 Bf7 42. f4 Be8 43. f5 gxf5 44. Nxf5+ Kc6 45. g6 Bd7 46. g7 1-0

[Event "HEM 2006 B"]
[Site "Marburg"]
[Date "2006.04.13"]
[Round "2.22"]
[White "Siegismund, Florian"]
[Black "Böhme, Erich"]
[Result "1/2-1/2"]
[WhiteElo "1476"]
[BlackElo "2067"]
[PlyCount "70"]
[EventDate "2006.04.12"]
[EventType "swiss"]
[EventCountry "GER"]

1. d4 Nf6 2. c4 e6 3. Nc3 Bb4 4. Bd2 b6 5. a3 Bxc3 6. Bxc3 O-O 7. Nf3 Bb7 8. e3
d5 9. c5 Nbd7 10. b4 Ne4 11. Qc2 a5 12. Bd3 c6 13. Bxe4 dxe4 14. Qxe4 Nf6 15.
Qc2 axb4 16. axb4 Rxa1+ 17. Bxa1 Nd5 18. Bc3 Ba6 19. Kd2 f6 20. Ra1 Bb5 21. Ke1
Qb8 22. g3 g5 23. Nd2 f5 24. h3 Nxe3 25. Qb3 Nd5 26. Nf3 g4 27. hxg4 fxg4 28.
Ne5 h5 29. Nd7 Qe8 30. Nxf8 Qxf8 31. cxb6 Qf3 32. Qc2 Nxb6 33. Bb2 Bd3 34. Qd1
Qe4+ 35. Kd2 Nc4+ 1/2-1/2

[Event "HEM 2006 B"]
[Site "Marburg"]
[Date "2006.04.13"]
[Round "2.23"]
[White "Zimmermann, Heinz"]
[Black "Ewin, Hans-Peter"]
[Result "0-1"]
[WhiteElo "1429"]
[BlackElo "1976"]
[PlyCount "72"]
[EventDate "2006.04.12"]
[EventType "swiss"]
[EventCountry "GER"]

1. e4 e5 2. c3 Nf6 3. Nf3 Nc6 4. d3 d5 5. Bg5 dxe4 6. Bxf6 Qxf6 7. dxe4 Bc5 8.
Be2 Be6 9. O-O O-O 10. Nbd2 a5 11. Bb5 Ne7 12. a4 Rfd8 13. Qe1 Ng6 14. g3 Bh3
15. Rb1 h5 16. Kh1 Bxf1 17. Qxf1 h4 18. Qg2 c6 19. Bc4 hxg3 20. fxg3 Rd7 21.
Rf1 Rad8 22. Bb3 Rxd2 23. Nxd2 Rxd2 24. Qh3 Rf2 25. Rxf2 Qxf2 26. Bxf7+ Kxf7
27. Qd7+ Kg8 28. Qe6+ Qf7 29. Qc8+ Nf8 30. Kg2 Qd7 31. Qb8 Qd2+ 32. Kh3 Qh6+
33. Kg2 Qd2+ 34. Kh3 Qd7+ 35. Kg2 Qe7 36. Qc8 Qf7 0-1

[Event "HEM 2006 B"]
[Site "Marburg"]
[Date "2006.04.13"]
[Round "2.24"]
[White "Schreiber, Torsten"]
[Black "Feigl, Gerold"]
[Result "1-0"]
[WhiteElo "1968"]
[BlackElo "1514"]
[PlyCount "75"]
[EventDate "2006.04.12"]
[EventType "swiss"]
[EventCountry "GER"]

1. Nf3 d5 2. d4 Nf6 3. Bf4 c6 4. c3 Nbd7 5. Nbd2 Nh5 6. Bg5 h6 7. Bh4 Nhf6 8.
h3 Nb6 9. Qc2 Qd7 10. e4 Nxe4 11. Nxe4 dxe4 12. Qxe4 Qe6 13. Bd3 Qxe4+ 14. Bxe4
e6 15. Bg3 Be7 16. a4 a5 17. Ne5 Bd7 18. O-O Bf6 19. Nd3 Bd8 20. Nc5 Bc8 21. b4
axb4 22. cxb4 Be7 23. a5 Bxc5 24. bxc5 Nd5 25. Bd6 Kd7 26. f4 Ne3 27. Rfc1 f5
28. Kf2 Nd5 29. Bf3 g6 30. g4 Ne7 31. Rcb1 Ke8 32. a6 Rxa6 33. Rxa6 bxa6 34.
Bxe7 Kxe7 35. Bxc6 Rd8 36. Ke3 Kf6 37. Rb8 Ke7 38. Ra8 1-0

[Event "HEM 2006 B"]
[Site "Marburg"]
[Date "2006.04.13"]
[Round "2.25"]
[White "Bender, Manfred"]
[Black "Kitzler, Manfred"]
[Result "1-0"]
[WhiteElo "1816"]
[BlackElo "1459"]
[PlyCount "67"]
[EventDate "2006.04.12"]
[EventType "swiss"]
[EventCountry "GER"]

1. d4 Nf6 2. c4 c5 3. d5 e6 4. dxe6 fxe6 5. Nc3 Be7 6. Nf3 Nc6 7. e3 a6 8. Be2
O-O 9. O-O d5 10. b3 Rb8 11. Bb2 b6 12. Rc1 Bb7 13. Ng5 Qd6 14. Bg4 Nxg4 15.
Qxg4 Bxg5 16. Qxg5 Rf7 17. Ne2 Nb4 18. Be5 Qd8 19. Qg3 Rc8 20. Rcd1 Nc6 21. Bb2
Ne7 22. Nf4 Qd6 23. Qg4 e5 24. Nxd5 Nxd5 25. Rxd5 Qf8 26. Rxe5 Rc6 27. Rg5 Rd6
28. Qg3 Rd2 29. Qe5 Rdd7 30. h4 Rde7 31. Qg3 Bc8 32. Rd1 Rd7 33. Rgd5 Rxd5 34.
cxd5 1-0